LEADER 01268nam a2200301 a 4500 001 000000144131 003 CaOOAMICUS 005 20150616103613.0 008 150616s1985 it u000 u ita r 020 $a88-215-0954-0 040 $aPUL$bita 041 1 $aita$hfre 100 1 $aCarmignac, Jean.$0(OLS)http://pul/name/2789 240 10$aNaissance des Évangiles Synoptiques.$lItaliano.$0(OLS)http://pul/title/182348 245 13$aLa nascita dei Vangeli sinottici /$cJean Carmignac. 260 $aCinisello Balsamo :$bEdizioni Paoline,$c1985. 300 $a110 p. ;$c21 cm 490 1 $aProblemi e dibattiti ;$v02 504 $aNote bibliografiche. 630 04$aBiblia.$pN.T.$pEvangelia$xCritica e interpretazione.$0(OLS)http://pul/subject/2670 830 0$aProblemi e dibattiti (Edizioni Paoline) ;$v02.$0(OLS)http://pul/title/182350 850 $aPUL 852 $aPUL$W1$xDP1 Fondo S. Lanza$y121$m3 C 54.2$j166198$qFondi$B166750$CPULBib$Z2$F166750 $HLan836 $82 941 1 $a1 996 $6020$a88-215-0954-0$9(OLS)http://pul/number/157936 996 $6245$aLa nascita dei Vangeli sinottici$9(OLS)http://pul/title/182349 996 $6260$aCinisello Balsamo :$bEdizioni Paoline$9(OLS)http://pul/publisher/51955 LEADER 01372nam a2200301 a 4500 001 000000142420 003 CaOOAMICUS 005 20150323120332.0 008 150323s2015 it u000 u ita r 020 $a978-88-598-1156-5 040 $aPUL$bita 082 04$a346.4507 100 1 $aCampobasso, Gian Franco,$d1942-2003.$0(OLS)http://pul/name/30569 245 10$aManuale di diritto commerciale /$cGian Franco Campobasso ; a cura di Mario Campobasso. 250 $a6. ed. 260 $aTorino :$bUTET Giuridica,$c©2015. 300 $aXVII, 667 p. ;$c25 cm 650 4$aDiritto commerciale$zItalia$xManuali.$0(OLS)http://pul/subject/20113 700 1 $aCampobasso, Mario.$0(OLS)http://pul/name/66774 850 $aPUL 852 $aPUL$W1$xDP2 Diritto e Scienze Sociali 3$y110$m346. 4507 CAMGI 6$j164328$qDDC 21$B164497$CPULBib$Z2$F164497 $H125589 $82 852 $aPUL$W1$xDP2 Diritto e Scienze Sociali 3$y110$m346. 4507 CAMGI 6B$j169675$qDDC 21$B170454$CPULBib$Z2$F170454 $H126372 $82 941 1 $a9 996 $6020$a978-88-598-1156-5$9(OLS)http://pul/number/157236 996 $6082$a346.4507$9(OLS)http://pul/classification/1803 996 $6245$aManuale di diritto commerciale$9(OLS)http://pul/title/47612 996 $6260$aTorino :$bUTET Giuridica$9(OLS)http://pul/publisher/79191